| 000 | 01266cam a2200277 i 4500 | ||
|---|---|---|---|
| 001 | 15001 | ||
| 003 | CO-MdBIC | ||
| 005 | 20231122113202.0 | ||
| 008 | 231122t2008 ag ||g |||| 00| 0 spa d | ||
| 020 | _a978-987-1355-12-9 : 25.000 | ||
| 040 |
_bspa. _aCO-MdFUSB _cCO-MdFUSB _dCO-MdFUSBC _erda |
||
| 041 | _aspa | ||
| 082 | 0 | 4 | _aG 230.209 B9424n |
| 245 | 1 | 0 |
_aLos niños en el pensamiento evangélico / editado por Marcia J. Bunge ; dirigido por René Padilla _c/ |
| 264 | 1 |
_a Kairós: _bkairós, _c[2008] |
|
| 264 | 4 | _c©2008 | |
| 300 |
_a192 p. _c; |
||
| 336 |
_atexto _btxt _2rdacontent |
||
| 337 |
_2rdamedia _asin mediación _bn |
||
| 338 |
_2rdacarrier _avolumen _bnc |
||
| 505 | 0 | 0 | _aLos más pequeños y más grandes: los niños en el Nuevo Testamento - El niño en la teología de Lutero - La herencia del Señor: los niños en la teología de Juan Calvino - La inocencia compleja, la formación obligatoria y el cuidado paternal: "El niño" en la obra de Menno Simons Keith Graber Miller |
| 650 | 1 | 4 | _aEVANGELIZACION \ NIÑOS - TEOLOGIA \ PENSAMIENTO RELIGIOSO - NIÑOS \ NIÑOS (TEOLOGIA CRISTIANA) |
| 653 | _aEVANGELIZACION \ NIÑOS - TEOLOGIA \ PENSAMIENTO RELIGIOSO - NIÑOS \ NIÑOS (TEOLOGIA CRISTIANA) | ||
| 942 | _cBK | ||
| 945 | _aDiego1276 | ||
| 999 |
_c43817 _d43817 |
||